000 00809nam a2200205 a 4500
003 0
005 20250411110332.0
008 970101s19uu xx 00 eng d
050 _aPGS HQ 778.5.O34
_b.P191 2004
100 _aPangan, Angelli M.
245 _aPerceptions of grade 5 students on the well-being of the OFW children /
_cAngelli M. Pangan.
260 _aLas PiƱas City, Philippines :
_bSouthville International School and Colleges,
_c2004.
300 _a46 pages :
_bcolored illustrations ;
_c28 cm.
504 _aIncludes bibliographical references.
650 _aChildren of overseas Filipino workers
_zPhilippines.
650 _aEmigration and immigration
_vSocial aspects.
650 _aFamilies
_vEffect of absentee parents on.
650 _aParent and child.
942 _2lcc
_cPASS
999 _c97037
_d97037